00476nam a22001577a 450000500170000001000150001702000260003203500140005803700130007208200110008510000160009624500740011226000450018627000560023130000310028720170831145307.0 aENG-120198 a9788186772522c895.00 aEN-103730 bDBAD/PUB a954.09 aManickam,S. aNehru and human resource development /cby S. Manickam [and] G. Velan aNew DelhibNew Academic Publishersc2012 a4760-61,23,Ansari Road,DaryaganjbNew Delhie110003 axvi,198p. :c23cm(Hb)bill